| 000 | 00722cam a22002294a 4500 | ||
|---|---|---|---|
| 001 | 1439 | ||
| 005 | 20250305111147.0 | ||
| 020 | _a0516221507 | ||
| 040 |
_aDLC _cDLC _dDLC _beng |
||
| 050 | 0 | 0 |
_aDS556.3 _b.W53 2002 |
| 082 | 0 | 0 |
_a959.7 _221 |
| 100 | 1 | _aWillis, Terri. | |
| 245 | 1 | 0 |
_aVietnam / _cby Terri Willis. |
| 260 |
_aNew York : _bChildren's Press, _c2002. |
||
| 300 |
_a144 pages : _bcolor illustrations, maps ; _c24 cm |
||
| 505 | _aU | ||
| 520 | _aExamines the geography, history, and government of Vietnam, while highlighting its achievements in art, medicine and industry. | ||
| 521 |
_a1030
_bLexile |
||
| 521 |
_aU
_bRaz-Plus |
||
| 906 |
_a7 _bcbc _corignew _d1 _eocip _f20 _gy-gencatlg |
||
| 942 |
_2ddc _cBK _n0 |
||
| 999 |
_c1439 _d1439 |
||